000 00555nam a22001817a 4500
003 OSt
005 20160519152758.0
008 160519b xxu||||| |||| 00| 0 eng d
020 _a9781614350507
040 _aSEKU
050 _aPE 1117
_b.S2
100 _aCastro, Mario Ed.
245 _aSantillana spotlight on English:
_bacademic English for success in content and literacy
260 _aUSA:
_bNuPress;
_c2008.
300 _aseveral pagings.:
650 _aEnglish language
_v(Elementary)--Foreign speakers
_xStudy and teaching
942 _2lcc
_cGEN
999 _c14237
_d14237